| 000 | 00676ntaaa2200193 4500 | ||
|---|---|---|---|
| 003 | 01 | ||
| 005 | 20251027201256.0 | ||
| 008 | 0714s1973 ag 01 | ||
| 040 |
_aAR-BaBN _bspa _cAR-BaBN _eaacr _dRIC |
||
| 082 | _a221.0000 M16 | ||
| 100 |
_aMcFadyen, J. E. _910921 |
||
| 245 | _aIntroduction to the Old Testament | ||
| 250 |
_a1 ed. : _bHodder and Stoughton Litd., _cc1932 |
||
| 300 | _a400 p. | ||
| 500 | _a"A book written for those who desire to understand the modern attitude to the Old testament as whole, but who either do not have the time or the inclination to follow the details." | ||
| 650 | _aBiblia-Antiguo Testamento | ||
| 650 | _aAntiguo Testamento | ||
| 942 | _cBK | ||
| 999 |
_c7138 _d7138 |
||